UBT Library

Fundamentals of nursing / (Record no. 40001)

000 -LEADER
fixed length control field 01131cam a22003854a 4500
001 - CONTROL NUMBER
control field 16443560
005 - DATE AND TIME OF LATEST TRANSACTION
control field 20180110073706.0
007 - PHYSICAL DESCRIPTION FIXED FIELD--GENERAL INFORMATION
fixed length control field co |g|||||||||
008 - FIXED-LENGTH DATA ELEMENTS--GENERAL INFORMATION
fixed length control field 100901s2011 paua b 001 0 eng
010 ## - LIBRARY OF CONGRESS CONTROL NUMBER
LC control number 2010037617
016 7# - NATIONAL BIBLIOGRAPHIC AGENCY CONTROL NUMBER
Record control number 101539391
Source DNLM
020 ## - INTERNATIONAL STANDARD BOOK NUMBER
International Standard Book Number 9780803623545
020 ## - INTERNATIONAL STANDARD BOOK NUMBER
International Standard Book Number 0803623542
020 ## - INTERNATIONAL STANDARD BOOK NUMBER
International Standard Book Number 9780803622647 (v. 1)
020 ## - INTERNATIONAL STANDARD BOOK NUMBER
International Standard Book Number 0803622643 (v. 1)
020 ## - INTERNATIONAL STANDARD BOOK NUMBER
International Standard Book Number 9780803622654 (v. 2)
020 ## - INTERNATIONAL STANDARD BOOK NUMBER
International Standard Book Number 0803622651 (v. 2)
020 ## - INTERNATIONAL STANDARD BOOK NUMBER
International Standard Book Number 9780803627093
020 ## - INTERNATIONAL STANDARD BOOK NUMBER
International Standard Book Number 0803627092
035 ## - SYSTEM CONTROL NUMBER
System control number (OCoLC)ocn660509918
040 ## - CATALOGING SOURCE
Original cataloging agency DNLM/DLC
Transcribing agency DLC
Modifying agency YDX
-- BTCTA
-- NLM
-- YDXCP
-- XSQ
-- BWX
-- CDX
-- OMM
-- DLC
041 ## - LANGUAGE CODE
Language code of text/sound track or separate title eng
042 ## - AUTHENTICATION CODE
Authentication code pcc
060 00 - NATIONAL LIBRARY OF MEDICINE CALL NUMBER
Classification number 610.73
060 10 - NATIONAL LIBRARY OF MEDICINE CALL NUMBER
Classification number 610.73
080 ## - UNIVERSAL DECIMAL CLASSIFICATION NUMBER
Universal Decimal Classification number 610.73
082 00 - DEWEY DECIMAL CLASSIFICATION NUMBER
Classification number 610.73 WIL
Edition number 22
100 1# - Rafti
Rafti 1
101 ## - Shkurtesa
Shkurtesa INF
245 10 - TITLE STATEMENT
Title Fundamentals of nursing /
Statement of responsibility, etc Judith M. Wilkinson, Leslie S. Treas.
504 ## - BIBLIOGRAPHY, ETC. NOTE
Bibliography, etc Includes bibliographical references and index.
906 ## - LOCAL DATA ELEMENT F, LDF (RLIN)
a 7
b cbc
c orignew
d 1
e ecip
f 20
g y-gencatlg
942 ## - ADDED ENTRY ELEMENTS (KOHA)
Source of classification or shelving scheme
Item type Books
Holdings
Withdrawn status Lost status Source of classification or shelving scheme Damaged status Not for loan Collection code Permanent location Current location Shelving location Date acquired Total Checkouts Full call number Barcode Date last seen Price effective from Koha item type
          Koleksioni i përgjithshem UBT - Lipjan UBT - Lipjan Koleksioni i përgjithshem 01/10/2018   610.73 WIL 002-2994856 01/10/2018 01/10/2018 Books
UBT Library © 2015-2024. All rights reserved University Education for Business and Technology